000 01007nam a22002537a 4500
005 20240530110614.0
008 161031s2015 ua g b 000 0 ara d
017 _a2014/25096
_bمصر. دار الكتب
020 _a9777800020
040 _aEG-CaGPL
_cEG-CaGPL
082 _221
_a616.89\
_bع أ
100 0 _aعلا عبدالباقى ابراهيم
245 1 2 _aالامراض النفسجسمية :
_bالسيكوسوماتية المفهوم - المنشا - العلاج و اجراءات الوقاية /
_cعلا عبدالباقى ابراهيم
250 _aط. 1
260 _bعالم الكتب ،
_c2015 .
300 _a200 ص. ؛
_c24 سم .
504 _aيشتمل على ارجاعات ببليوجرافية
650 0 7 _2qrmak
_aالاكتئاب النفسى
651 0 7 _2qrmak
_aالامراض النفسية
653 0 4 _aالامراض النفسجسمية
653 0 4 _aالسيكوسوماتية
942 _2ddc
_cBK
999 _c62915
_d62915